000 00959nam a2200241 i 4500
001 C00006797c
005 20241029142740.0
008 940830s1975 sp f 000 0 spa d
080 _a73 Picart, Pierres
080 _a729.961.1:726.54(465.11 Irañeta)
100 1 _aAndrés Ordax, Salvador (
_d1941-)
_92104
245 1 4 _aLos retablos de Pierres Picart en Irañeta (Navarra) /
_cSalvador Andrés Ordax.
260 _aValladolid :
_bUniversidad, Seminario de Estudios de Arte y Arqueología,
_c1975.
300 _aP. 259-268, [2] p. de lám. ;
_c25 cm.
500 _aSeparata de: Boletín del Seminario de Estudios de Arte y Arqueología, t. XL y LXI, 1975.
600 1 4 _aPicart, Pierres.
_95222
650 _aRetablos-
_zEspaña-
_zNavarra.
_980587
651 4 _aIrañeta (Navarra, España)
_95223
710 2 _aUniversidad de Valladolid.
_bSeminario de Estudios de Arte y Arqueología.
_94235
852 4 2 _jF-2674
999 _c6712
_d6712